000 00768nam a2200181Ia 4500
003 GCL
008 140319s9999 xx 000 0 ara d
040 _aGCL /
_cGCL
082 0 4 _a792.02
_bت ت
100 1 _aتيدسكو، جون ل0 جروفيك
245 1 0 _aالتمثيل من خلال التمارين :
_bتوليفة من المداخل الكلاسيكية والمعاصرة /
_cتيدسكو، جون ل0 جروفيك
260 _aالقاهرة :
_bوزارة الثقافة - مهرجان القاهرة الدولى للمسرح التجريبى ،
_c2004
300 _a642 ص ؛
_c24 سم
650 0 4 _aالتمثيل المسرحى
650 0 4 _aالتمثيل فى المسرح
650 0 4 _aالممثلون والممثلات
942 _2ddc
_cBK
999 _c7168
_d7168